00924nam a2200253 a 450000100060000000300080000600500170001400800410003103500190007204000380009104100080012908200250013710000570016224501170021926000620033630000340039849000300043250000710046250000500053365000130058365000230059670000210061983000300064072387BD-RjUL20211209082244.0170517s1967 ilua 001 0 eng d a(BD-RjUL)72604 aDLCcDLCdm.c.dEQOdBD-RjULbeng aeng 223a306.81bWAD 19671 aWake, C. Stanilandq(Charles Staniland),d1835-1910.14aThe development of marriage and kinship /cby C. Staniland Wake ; edited with an introduction by Rodney Needham. aChicago ;aLondon :bUniversity of Chicago Press,cc1967. alvi, 510 p. :bill. ;c24 cm. aClassics in anthropology. a"Originally published by George Redway, London, 1889"--t.p. verso. aIncludes bibliography (p. 481-495) and index. 0aKinship. 0aMarriagexHistory.1 aNeedham, Rodney. 0aClassics in anthropology.